There are mountains to climb / (Record no. 226)

MARC details
000 -LEADER
fixed length control field 00655nam a22002297a 4500
005 - DATE AND TIME OF LATEST TRANSACTION
control field 20260322212011.0
008 - FIXED-LENGTH DATA ELEMENTS--GENERAL INFORMATION
fixed length control field data
010 ## - LIBRARY OF CONGRESS CONTROL NUMBER
LC control number 96092085
020 ## - INTERNATIONAL STANDARD BOOK NUMBER
International Standard Book Number 0965148718
020 ## - INTERNATIONAL STANDARD BOOK NUMBER
International Standard Book Number 9780965148719
040 ## - CATALOGING SOURCE
Original cataloging agency DLC
Transcribing agency DLC
050 00 - LIBRARY OF CONGRESS CALL NUMBER
Classification number MLCS 96/02978 (G)
092 ## - LOCALLY ASSIGNED DEWEY CALL NUMBER (OCLC)
Classification number 917.4 D36 1996
001 - CONTROL NUMBER
control field data
100 1# - MAIN ENTRY--PERSONAL NAME
Personal name Deeds, Jean.
245 10 - TITLE STATEMENT
Title There are mountains to climb /
Statement of responsibility, etc. Jean Deeds.
260 ## - PUBLICATION, DISTRIBUTION, ETC.
Place of publication, distribution, etc. Indianapolis, Ind. :
Name of publisher, distributor, etc. Silverwood Press,
Date of publication, distribution, etc. c1996.
300 ## - PHYSICAL DESCRIPTION
Extent viii, 216 p. :
Other physical details ill. (some col.), maps ;
Dimensions 22 cm.
906 ## - LOCAL DATA ELEMENT F, LDF (RLIN)
a 7
b cbc
c orignew
d u
e opcn
f 19
g y-gencatlg
991 ## -
-- c-GenColl
-- MLCS 96/02978 (G)
-- Copy 1
-- BOOKS
Holdings
Withdrawn status Lost status Damaged status Not for loan Home library Current library Shelving location Date acquired Total checkouts Full call number Barcode Date last seen Price effective from Koha item type
        Pleasant Valley Pleasant Valley General stacks 22/03/2026   MLCS 96/02978 (G) BC0010234 22/03/2026 22/03/2026 Books